000 01578cam a22004094i 4500
003 PE-LiUPU
005 20250731173155.0
008 150623s r 000 0 d
035 _a(Sirsi) a28675
040 _aPE-LiUPU
_bspa
_cPE-LiUPU
_erda
082 0 4 _a232
_bV41
_221
100 1 _aVeltman, Fred,
_eautor.
245 1 0 _aFull report of the life of Christ reseach project.
_n2 /
_cFred Veltman.
264 1 _aWashington, D.C. :
_bEllen G. White Estate, inc.,
_c1988.
300 _a262 - 669 páginas ;
_c28 cm.
336 _atext
_2rdacontent
337 _aunmediated
_2rdamedia
338 _avolume
_2rdacarrier
505 0 _a"Is not this the Carpenter's son?". -The first evangelists. -"Give ye them to eat". -He was transfigured. -The last Journey from Galilee. -Blessing the children. -"In remenbrance of me".
526 _aSEG42
526 _aSEG41
526 _aSEG40
526 _aSEG39
526 _aP94
526 _aP87
526 _aP86
526 _aP85
526 _aP77
526 _aP76
526 _aP35
600 1 _aWhite, Elena G. de.
_d1827-1915
_xDeseado de Todas las gentes
_vCrítica, interpretación, etc.
942 _2ddc
_cBOOK
949 _a232 V41 2
_wDEWEY
_c1
_i55223
_lCCODEBUL1
_mBUL
_p10.00
_r0
_sY
_tBOOK
_u2015-06-24
_xTEOLOGIA
_PP35
_0COMPRA
_o.STAFF. Colección General
596 _a1
999 _a232 V41 2
_wDEWEY
_c35949
_i55223
_f2021-11-10
_g5
_lCCODEBUL1
_mBUL
_p10.00
_r0
_sY
_tBOOK
_u2015-6-24
_xTEOLOGIA
_PP35
_0COMPRA
_o.STAFF. Colección General
_d35949
980 _81
_gALBERTO SANCHEZ Responsable de Automatización